000 00380nam a2200157Ia 4500
008 230711s9999||||xx |||||||||||||| ||und||
041 _aENG
082 _a800
_bSO-H
100 _aSoryan Ritu
245 0 _aHuman values and professional ethics
250 _a1st Ed.
260 _c2010
_aDelhi
_bDhanpat Rai & Co.(Pvt.)Ltd.
300 _a342
650 _aLiterature
942 _cBK
999 _c5649
_d5649